<?xml version="1.0" encoding="UTF-8"?>
<record
    xmlns:xsi="http://www.w3.org/2001/XMLSchema-instance"
    xsi:schemaLocation="http://www.loc.gov/MARC21/slim http://www.loc.gov/standards/marcxml/schema/MARC21slim.xsd"
    xmlns="http://www.loc.gov/MARC21/slim">

  <leader>00587cam9a220019300 4500</leader>
  <controlfield tag="001">lce00589011</controlfield>
  <controlfield tag="008">740625s1966    alua          000 0 eng  </controlfield>
  <datafield tag="010" ind1=" " ind2=" ">
    <subfield code="a">   66028695</subfield>
  </datafield>
  <datafield tag="035" ind1=" " ind2=" ">
    <subfield code="a">(Sirsi) r10286</subfield>
  </datafield>
  <datafield tag="035" ind1=" " ind2=" ">
    <subfield code="a">(DLC)   66028695</subfield>
  </datafield>
  <datafield tag="035" ind1=" " ind2=" ">
    <subfield code="a">(UPRA)lce00589011</subfield>
  </datafield>
  <datafield tag="050" ind1="0" ind2=" ">
    <subfield code="a">PS3503.E233</subfield>
    <subfield code="b">T6</subfield>
  </datafield>
  <datafield tag="082" ind1=" " ind2=" ">
    <subfield code="a">811.54</subfield>
  </datafield>
  <datafield tag="100" ind1="1" ind2=" ">
    <subfield code="a">Beecher, John, 1904-</subfield>
    <subfield code="d">Beecher, John, 1904-</subfield>
    <subfield code="6">A63833.1</subfield>
  </datafield>
  <datafield tag="245" ind1="1" ind2="0">
    <subfield code="a">To live and die in Dixie, &amp; other poems.</subfield>
  </datafield>
  <datafield tag="260" ind1=" " ind2=" ">
    <subfield code="a">[Birmingham, Ala.]</subfield>
    <subfield code="b">Red Mountain Editions,</subfield>
    <subfield code="c">1966.</subfield>
  </datafield>
  <datafield tag="949" ind1=" " ind2=" ">
    <subfield code="a">PS3503.E233</subfield>
    <subfield code="w">lcc</subfield>
    <subfield code="i">-2024</subfield>
    <subfield code="m">MAIN</subfield>
    <subfield code="t">BOOK</subfield>
    <subfield code="l">ON-SHELF</subfield>
  </datafield>
  <controlfield tag="004">10286</controlfield>
  <datafield tag="999" ind1=" " ind2=" ">
    <subfield code="c">138002</subfield>
    <subfield code="d">138002</subfield>
  </datafield>
</record>
